000 00700nam a2200229Ii 4500
003 JO-AjNU
008 230605s9999||||xx |||||||||||||| ||und||
017 _a95/2321
020 _a977-232-065
040 _aJO-AjNU
_bara
_erda
_cJO-AjNU
041 _aara
050 1 4 _aPJ6125.M83 1995
100 3 _aفضل الله، محمد رجب,
_eauthor
_939287
245 0 0 _aصعوبات الكتابة الإملائية
250 _aط1
264 3 1 _aالقاهرة:عالم الكتب،1995
300 _a90ص
336 _atext
_btxt
_2rdacontent
337 _aunmediated
_bn
_2rdamedia
338 _avolume
_bnc
_2rdacarrier
650 4 _aالكتابة-دراسة وتعليم-إملاء
_939288
999 _aA16580
_c20148
_d20148